Missing Word: 2001 Movies Quiz Stats

 Plays Quiz Updated Dec 26, 2016

Support Sporcle.
Go Orange.
Score 0/20 Timer 04:00
0 Plays Today
Hint Answer % Correct
The _____ and the FuriousFast
98.2%
Planet of the ______Apes
97.3%
Ocean's _______Eleven
96.6%
Legally _______Blonde
95.8%
Bridget Jones's _______Diary
93.8%
Moulin ______!Rouge
93.6%
Black ______ DownHawk
90.3%
Harry Potter and the _________ StoneSorcerer's
87.3%
A Beautiful _______Mind
82.7%
Pearl ______Harbor
80.7%
Hint Answer % Correct
Donnie _______Darko
77.8%
Training ______Day
77.3%
The Lord of the Rings: The _______ of the RingFellowship
76.2%
The ______ TenenbaumsRoyal
68.2%
Spirited ______Away
54.7%
Gosford ______Park
52.6%
______ BallMonster's
47.1%
A _______ TaleKnight's
43.4%
Super ______Troopers
22.9%
The ______ ReturnsMummy
17%

Today's Daily Dose

Missing Word
'Y-Z' Pairs

Quick Pick
MCU Directors

You're not logged in!

Compare scores with friends on all Sporcle quizzes.
OR
Log In
Forgot?

From the Vault

Drink Up!

by COWScot

Sometimes the drink isn't quite as good as the fancy glass it comes in.
Remove Ads.
Support Sporcle.
Get the best of Sporcle when you Go Orange. This ad-free experience offers more features, more stats, and more fun while also helping to support Sporcle. Thank you for becoming a member.

Show Comments

Extras

Top Quizzes Today


Score Distribution

Your Account Isn't Verified!

In order to create a playlist on Sporcle, you need to verify the email address you used during registration. Go to your Sporcle Settings to finish the process.

Report this User

Report this user for behavior that violates our Community Guidelines.

Details: